| 000 | 00392nam a22001457a 4500 | ||
|---|---|---|---|
| 003 | OSt | ||
| 005 | 20251021065315.0 | ||
| 008 | 251021b |||||||| |||| 00| 0 eng d | ||
| 020 | _a9966951059 | ||
| 040 | _cSASA SEMA PUBLICATIONS LTD | ||
| 050 | _aPL 8704 K56 2000 | ||
| 245 |
_aMWANA KUPONA _cKING'EI, KITULA |
||
| 260 |
_aNAIROBI, KENYA _bSASA SEMA PUBLICATIONS LTD _c2000 |
||
| 942 |
_2lcc _cBK _n0 |
||
| 999 |
_c9637 _d9637 |
||